El proceso de aprendizaje desde una perspectiva no directiva en educación de adultos
Αποθηκεύτηκε σε:
| Κύριος συγγραφέας: | |
|---|---|
| Μορφή: | Βιβλίο |
| Γλώσσα: | Ισπανικά |
| Έκδοση: |
Santiago
Centro Latinoamericano de Educación de Adultos
1973
|
| Θέματα: | |
| Ετικέτες: |
Προσθήκη ετικέτας
Δεν υπάρχουν, Καταχωρήστε ετικέτα πρώτοι!
|
MARC
| LEADER | 00000nam a2200000 a 4500 | ||
|---|---|---|---|
| 001 | UCU0068 | ||
| 003 | CL-VaPUC | ||
| 008 | 960315e19730000CL |||||||||||||||||spa|d | ||
| 082 | 0 | 4 | |a 374 |b CUN |2 21 |
| 100 | 0 | |a Cunha, José Roberto |e author |9 355036 | |
| 245 | 1 | 3 | |a El proceso de aprendizaje desde una perspectiva no directiva en educación de adultos |
| 300 | |a 22 p | ||
| 942 | |c BK | ||
| 945 | |d 19960315 00:00:00 |a lriquelm | ||
| 260 | |a Santiago |b Centro Latinoamericano de Educación de Adultos |c 1973 | ||
| 600 | 0 | 7 | |a ROGERS, CARL |2 CL-VaPUC |9 307267 |
| 650 | 0 | |a Educación de adultos |9 307580 | |
| 650 | 0 | |a Procesos de aprendizaje |9 309161 | |
| 650 | 0 | |a Adultos |9 335034 | |
| 583 | |a last modification |c 19960315 00:00:00 |k Rodrigo Vera | ||
| 999 | |c 245016 |d 245014 | ||
| 952 | |0 0 |1 0 |4 0 |6 374_000000000000000_CUN_1973 |7 0 |8 P |9 259343 |a BIBEDU |b BIBEDU |c BIBEDU_PB |d 2019-11-19 |i 1631012 |o 374 CUN 1973 |p 1631012 |r 2024-01-25 |w 2019-11-19 |y BK |k EDU | ||